[Event "4NCL/Div2/OXF1 vs. SLOS2"]
[Site "Coventry ENG"]
[Date "2006.11.12"]
[Round "4.6"]
[White "Roberson, Peter T"]
[Black "White, Michael J R"]
[Result "0-1"]
[WhiteElo "2187"]
[BlackElo "2246"]
[PlyCount "50"]
[EventDate "2006.11.12"]
[EventType "team"]
[EventRounds "11"]
[EventCountry "ENG"]
[WhiteTeam "Slough Sharks 2"]
[BlackTeam "Oxford 1"]

1. e4 c5 2. c3 Nf6 3. e5 Nd5 4. Nf3 e6 5. Bc4 d6 6. d4 cxd4 7. cxd4 Nb6 8. Bd3
Nc6 9. O-O Bd7 10. Nc3 Nb4 11. Bg5 f6 12. exf6 gxf6 13. Bh4 Qe7 14. Ne4 Bg7 15.
Bg3 e5 16. Bb1 d5 17. Nc3 e4 18. Nh4 O-O 19. Bf4 f5 20. g3 Nc6 21. Ne2 Be8 22.
f3 Bh5 23. Kf2 Rae8 24. Bc2 exf3 25. Nxf3 Qxe2+ 0-1

[Event "4NCL/Div2/OXF1 vs. SLOS2"]
[Site "Coventry ENG"]
[Date "2006.11.12"]
[Round "4.7"]
[White "Eckersley-Waites, Tom"]
[Black "Muter, Donny"]
[Result "1-0"]
[WhiteElo "2141"]
[BlackElo "2146"]
[PlyCount "59"]
[EventDate "2006.11.12"]
[EventType "team"]
[EventRounds "11"]
[EventCountry "ENG"]
[WhiteTeam "Oxford 1"]
[BlackTeam "Slough Sharks 2"]

1. e4 c5 2. Nf3 d6 3. Bb5+ Nd7 4. d4 cxd4 5. Qxd4 a6 6. Bxd7+ Bxd7 7. Bg5 Nf6
8. Nc3 Rc8 9. O-O-O Qa5 10. Rhe1 Be6 11. e5 dxe5 12. Rxe5 Qc7 13. Re2 Rd8 14.
Qa4+ Bd7 15. Qh4 Be6 16. Nd4 Qb6 17. Red2 Rc8 18. Na4 Qa5 19. Nxe6 fxe6 20. Nc3
h6 21. Bxf6 gxf6 22. Rd5 exd5 23. Qh5+ Kd7 24. Rxd5+ Qxd5 25. Qxd5+ Kc7 26. Ne4
h5 27. Nc5 Bh6+ 28. Kb1 Kb6 29. b4 Rc7 30. Qd4 1-0

[Event "4NCL/Div2/OXF1 vs. SLOS2"]
[Site "Coventry ENG"]
[Date "2006.11.12"]
[Round "4.8"]
[White "Kafka, Graeme"]
[Black "Smajlovic, Lejla"]
[Result "1-0"]
[WhiteElo "2136"]
[BlackElo "2047"]
[PlyCount "93"]
[EventDate "2006.11.12"]
[EventType "team"]
[EventRounds "11"]
[EventCountry "ENG"]
[WhiteTeam "Slough Sharks 2"]
[BlackTeam "Oxford 1"]

1. e4 e6 2. d4 d5 3. e5 c5 4. c3 Nc6 5. Nf3 Qb6 6. a3 Nh6 7. b4 cxd4 8. cxd4
Bd7 9. Nc3 Nf5 10. Na4 Qc7 11. Bb2 Nxb4 12. axb4 Bxb4+ 13. Nd2 Rc8 14. Bd3 O-O
15. O-O b5 16. Nc5 Bxc5 17. dxc5 Qxc5 18. Nb3 Qc7 19. Bxf5 exf5 20. Qd4 Qc4 21.
Rxa7 Be6 22. Nd2 Qe2 23. Ba3 Rfe8 24. Bb4 Rc6 25. Qe3 Qxe3 26. fxe3 Bc8 27. Nf3
f6 28. exf6 Rxf6 29. Bc3 Rf7 30. Rxf7 Kxf7 31. Ne5+ Ke6 32. Rb1 Bd7 33. Nxd7
Kxd7 34. Rxb5 Rxe3 35. Rxd5+ Kc6 36. Bd2 Kxd5 37. Bxe3 Ke4 38. Bc1 h6 39. Kf2
f4 40. h3 g6 41. g3 fxg3+ 42. Kxg3 h5 43. h4 Kf5 44. Kf3 Ke5 45. Bf4+ Kf5 46.
Bg5 Ke5 47. Ke3 1-0

[Event "4NCL/Div2/WES1 vs. PPA1"]
[Site "Coventry ENG"]
[Date "2006.11.12"]
[Round "4.1"]
[White "Corkett, Anthony R"]
[Black "Moore, Gerald"]
[Result "1-0"]
[WhiteElo "2339"]
[BlackElo "2244"]
[PlyCount "141"]
[EventDate "2006.11.12"]
[EventType "team"]
[EventRounds "11"]
[EventCountry "ENG"]
[WhiteTeam "Wessex 1"]
[BlackTeam "Poisnd Pawns 1"]

1. d4 Nf6 2. Nf3 g6 3. e3 Bg7 4. Be2 O-O 5. O-O d5 6. Ne5 Nbd7 7. f4 Nxe5 8.
fxe5 Ne4 9. c4 c6 10. Nc3 Bf5 11. Qb3 Qd7 12. cxd5 Nxc3 13. bxc3 cxd5 14. Bd2
Rac8 15. c4 Be4 16. c5 Rb8 17. Rac1 Rfc8 18. h3 h5 19. Be1 Qe6 20. Qa4 Bh6 21.
Rc3 a6 22. Bf3 Bxf3 23. Rxf3 Qc6 24. Qb3 e6 25. a4 Qd7 26. a5 Bg5 27. Rc2 Kg7
28. Rb2 Rc6 29. Qd1 Rcc8 30. Rbf2 Rf8 31. Bb4 Qb5 32. Qd2 Be7 33. g3 f5 34. Qc3
Rf7 35. Rb2 Qe8 36. Rf1 h4 37. Qe1 Qh8 38. g4 Bg5 39. Rg2 Qh6 40. gxf5 Rxf5 41.
Rxf5 exf5 42. Bd2 Rf8 43. Rf2 f4 44. exf4 Bxf4 45. Bxf4 Rxf4 46. Qd2 g5 47.
Rxf4 gxf4 48. Qg2+ Kf8 49. Qg4 Ke7 50. Kf2 Qh7 51. Qg5+ Ke8 52. Qxf4 Qc2+ 53.
Kg1 Qd1+ 54. Kg2 Qc2+ 55. Qf2 Qg6+ 56. Kh2 Qe4 57. e6 Qxe6 58. Qxh4 Qe2+ 59.
Kg1 Qe3+ 60. Kg2 Qd2+ 61. Qf2 Qxa5 62. h4 Qd8 63. Qf4 Qd7 64. h5 Qg7+ 65. Kh2
Kd7 66. Qd6+ Kc8 67. Qe6+ Kd8 68. Qxd5+ Kc8 69. Qe6+ Kd8 70. Qg6 Qxd4 71. Qd6+
1-0

[Event "4NCL/Div2/WES1 vs. PPA1"]
[Site "Coventry ENG"]
[Date "2006.11.12"]
[Round "4.3"]
[White "Upton, Ian J"]
[Black "Swanson, Stephen"]
[Result "1/2-1/2"]
[WhiteElo "2259"]
[BlackElo "2238"]
[PlyCount "48"]
[EventDate "2006.11.12"]
[EventType "team"]
[EventRounds "11"]
[EventCountry "ENG"]
[WhiteTeam "Wessex 1"]
[BlackTeam "Poisnd Pawns 1"]

1. d4 d6 2. Nf3 Nf6 3. c4 Nbd7 4. Nc3 e5 5. e4 Be7 6. Be2 O-O 7. O-O Re8 8. Re1
Bf8 9. Bf1 c6 10. Rb1 exd4 11. Nxd4 a5 12. Nc2 Nc5 13. f3 g6 14. Bg5 Ne6 15.
Be3 a4 16. b4 axb3 17. axb3 Nd7 18. b4 Ng7 19. Qd2 Ne5 20. b5 Be6 21. bxc6 bxc6
22. Nd4 Bd7 23. Ra1 Qc7 24. Rec1 Reb8 1/2-1/2

[Event "4NCL/Div2/WES1 vs. PPA1"]
[Site "Coventry ENG"]
[Date "2006.11.12"]
[Round "4.4"]
[White "Dunn, Andrew"]
[Black "Webb, Richard M"]
[Result "1/2-1/2"]
[WhiteElo "2199"]
[BlackElo "2286"]
[PlyCount "36"]
[EventDate "2006.11.12"]
[EventType "team"]
[EventRounds "11"]
[EventCountry "ENG"]
[WhiteTeam "Poisnd Pawns 1"]
[BlackTeam "Wessex 1"]

1. Nf3 c5 2. c4 Nf6 3. Nc3 d5 4. d4 cxd4 5. Nxd5 Nxd5 6. cxd5 Qxd5 7. Qxd4 Qxd4
8. Nxd4 a6 9. e4 e5 10. Nf3 Bb4+ 11. Bd2 Bxd2+ 12. Kxd2 Nc6 13. Bc4 f6 14. Rac1
Bd7 15. Bd5 Ke7 16. a3 Rhc8 17. Rc3 Nd8 18. Rhc1 Rxc3 1/2-1/2

[Event "4NCL/Div2/WES1 vs. PPA1"]
[Site "Coventry ENG"]
[Date "2006.11.12"]
[Round "4.5"]
[White "Simons, Martin J"]
[Black "Dignam, Matthew"]
[Result "1-0"]
[WhiteElo "2238"]
[BlackElo "2150"]
[PlyCount "81"]
[EventDate "2006.11.12"]
[EventType "team"]
[EventRounds "11"]
[EventCountry "ENG"]
[WhiteTeam "Wessex 1"]
[BlackTeam "Poisnd Pawns 1"]

1. e4 d6 2. Nc3 Nf6 3. f4 c6 4. Nf3 b5 5. a3 Bg4 6. Be2 Qb6 7. d4 e5 8. Be3
Nbd7 9. Qd2 exf4 10. Bxf4 Be7 11. h3 Bxf3 12. Bxf3 O-O 13. g4 Ne8 14. h4 b4 15.
Na4 Qd8 16. axb4 Nc7 17. g5 Ne6 18. Be3 Nb6 19. Nxb6 axb6 20. Rxa8 Qxa8 21. d5
cxd5 22. exd5 Nc7 23. Bxb6 Qb7 24. Be3 Qb5 25. b3 Rb8 26. c3 f6 27. Qe2 Qd7 28.
Bg4 f5 29. Bf3 Re8 30. O-O Bxg5 31. hxg5 f4 32. Bg4 Rxe3 33. Bxd7 Rxe2 34. Rxf4
Nxd5 35. Rd4 Nxc3 36. b5 Rb2 37. Rb4 Ne2+ 38. Kf1 Ng3+ 39. Ke1 Re2+ 40. Kd1 Re7
41. Bc6 1-0

[Event "4NCL/Div2/WES1 vs. PPA1"]
[Site "Coventry ENG"]
[Date "2006.11.12"]
[Round "4.6"]
[White "Rosen, Daniel B"]
[Black "Neil, David R"]
[Result "1/2-1/2"]
[WhiteElo "2132"]
[BlackElo "2172"]
[PlyCount "44"]
[EventDate "2006.11.12"]
[EventType "team"]
[EventRounds "11"]
[EventCountry "ENG"]
[WhiteTeam "Poisnd Pawns 1"]
[BlackTeam "Wessex 1"]

1. e4 g6 2. d4 Bg7 3. Nc3 d6 4. f4 e5 5. Nf3 Nd7 6. Be3 Ne7 7. Qd2 c6 8. O-O-O
Qc7 9. Kb1 a6 10. h3 b5 11. g4 Bb7 12. fxe5 dxe5 13. d5 cxd5 14. Nxd5 Nxd5 15.
exd5 Rc8 16. Rh2 O-O 17. Bh6 Rfe8 18. Bxg7 Kxg7 19. Ng5 Nc5 20. Bg2 Qd6 21. Ne4
Nxe4 22. Bxe4 Rc4 1/2-1/2

[Event "4NCL/Div2/WES1 vs. PPA1"]
[Site "Coventry ENG"]
[Date "2006.11.12"]
[Round "4.7"]
[White "Yeo, Michael J"]
[Black "McCorry, Robert T"]
[Result "1/2-1/2"]
[WhiteElo "2161"]
[BlackElo "2141"]
[PlyCount "77"]
[EventDate "2006.11.12"]
[EventType "team"]
[EventRounds "11"]
[EventCountry "ENG"]
[WhiteTeam "Wessex 1"]
[BlackTeam "Poisnd Pawns 1"]

1. e4 Nc6 2. Nc3 d6 3. d4 Nf6 4. f4 e5 5. Nf3 Bg4 6. dxe5 Bxf3 7. gxf3 dxe5 8.
Qxd8+ Rxd8 9. fxe5 Nxe5 10. Be2 Bc5 11. f4 Neg4 12. e5 Nf2 13. exf6 Nxh1 14.
Ne4 Bb6 15. fxg7 Rg8 16. Nf6+ Ke7 17. Nxg8+ Rxg8 18. b3 Rxg7 19. Ba3+ Ke6 20.
Kd2 Nf2 21. Bf3 Kf5 22. Bxb7 Ne4+ 23. Kd3 Nc5+ 24. Bxc5 Bxc5 25. Rf1 Rg1 26.
Be4+ Kg4 27. h3+ Kxh3 28. Rxg1 Bxg1 29. Bxh7 Kg3 30. Ke4 Bc5 31. f5 f6 32. c3
Bd6 33. b4 Kf2 34. b5 Ke2 35. Kd5 Kd3 36. c4 Kc3 37. c5 Be5 38. Kc6 Kb4 39. b6
1/2-1/2

[Event "4NCL/Div2/WES1 vs. PPA1"]
[Site "Coventry ENG"]
[Date "2006.11.12"]
[Round "4.8"]
[White "Sirisena, Chantal N"]
[Black "Khoo, Selina"]
[Result "1-0"]
[WhiteElo "1943"]
[BlackElo "2010"]
[PlyCount "103"]
[EventDate "2006.11.12"]
[EventType "team"]
[EventRounds "11"]
[EventCountry "ENG"]
[WhiteTeam "Poisnd Pawns 1"]
[BlackTeam "Wessex 1"]

1. e4 c6 2. d4 d5 3. exd5 cxd5 4. c4 Nf6 5. Nc3 e6 6. Nf3 Bb4 7. Bd3 dxc4 8.
Bxc4 O-O 9. O-O Nbd7 10. Qd3 Qc7 11. Nb5 Qd8 12. Bf4 Ba5 13. Rac1 a6 14. Nc3 b5
15. Bb3 Bb7 16. Rfd1 Rc8 17. Bg5 h6 18. Bh4 Qb6 19. Ne5 Bxc3 20. Nxd7 Nxd7 21.
bxc3 Bd5 22. Re1 Rfe8 23. Re3 Qc6 24. Rg3 f5 25. Qe3 Kh7 26. Qe2 Nf6 27. Bxf6
gxf6 28. Qh5 Rg8 29. Qf7+ Kh8 30. Qxf6+ Kh7 31. Qe5 Rxg3 32. hxg3 a5 33. Bxd5
Qxd5 34. Qxd5 exd5 35. Rb1 Rb8 36. Kf1 Kg6 37. Ke2 Kf6 38. Kd3 Ke6 39. Rh1 Rh8
40. Rb1 Rb8 41. a4 b4 42. cxb4 axb4 43. a5 Kd6 44. a6 Kc6 45. a7 Ra8 46. Rxb4
Rxa7 47. Rb3 Ra8 48. Ke2 Ra2+ 49. Ke3 Ra8 50. Kf4 Ra2 51. Rf3 Ra4 52. Ke5 1-0

[Event "4NCL/Div2/RIC vs. BARY"]
[Site "Coventry ENG"]
[Date "2006.11.12"]
[Round "4.1"]
[White "Bates, Richard A"]
[Black "Farrand, Julian T"]
[Result "1/2-1/2"]
[WhiteElo "2366"]
[BlackElo "2154"]
[PlyCount "49"]
[EventDate "2006.11.12"]
[EventType "team"]
[EventRounds "11"]
[EventCountry "ENG"]
[WhiteTeam "Richmond"]
[BlackTeam "Barbican Yth"]

1. d4 d6 2. Nf3 Nf6 3. c4 Nbd7 4. Nc3 e5 5. Bg5 Be7 6. Qc2 c6 7. e3 Qa5 8. Bd3
h6 9. Bh4 O-O 10. O-O-O b5 11. c5 b4 12. Ne4 dxc5 13. dxe5 Nd5 14. Bxe7 Nxe7
15. Bc4 Nd5 16. Rxd5 cxd5 17. Bxd5 b3 18. axb3 Qa1+ 19. Qb1 Qxb1+ 20. Kxb1 Rb8
21. Nd6 Nb6 22. e4 Nxd5 23. exd5 Rxb3 24. Kc2 Rb4 25. Re1 1/2-1/2

[Event "4NCL/Div2/RIC vs. BARY"]
[Site "Coventry ENG"]
[Date "2006.11.12"]
[Round "4.2"]
[White "Kilpatrick, Callum"]
[Black "Wall, Gavin"]
[Result "1/2-1/2"]
[WhiteElo "2104"]
[BlackElo "2327"]
[PlyCount "111"]
[EventDate "2006.11.12"]
[EventType "team"]
[EventRounds "11"]
[EventCountry "ENG"]
[WhiteTeam "Barbican Yth"]
[BlackTeam "Richmond"]

1. e4 e5 2. Nf3 d6 3. Bc4 Be7 4. O-O Nf6 5. Nc3 O-O 6. d4 exd4 7. Nxd4 a6 8. a4
Nc6 9. Re1 Nb4 10. Nd5 Nbxd5 11. exd5 Nd7 12. h3 Bf6 13. Ra3 Ne5 14. Bf1 Re8
15. a5 Bd7 16. Rae3 Re7 17. Re4 Qf8 18. Qh5 Ng6 19. Rxe7 Nxe7 20. Nb3 Bf5 21.
Qd1 h6 22. Nd4 Bg6 23. Ne2 Qe8 24. Nf4 Qa4 25. Nxg6 Nxg6 26. Qd2 Kf8 27. b3 Qd4
28. Qxd4 Bxd4 29. Bd2 Re8 30. Rxe8+ Kxe8 31. c3 Ba7 32. g3 Nf8 33. Kg2 Nd7 34.
Bc4 Ke7 35. f4 g6 36. Kf3 h5 37. g4 hxg4+ 38. hxg4 Bg1 39. Kg2 Ba7 40. Kf3 Bg1
41. Be1 f6 42. Bd2 Ba7 43. Bd3 Kf7 44. b4 Bg1 45. Be3 Bxe3 46. Kxe3 Nf8 47. c4
Nd7 48. Kd4 b6 49. b5 Nc5 50. axb6 cxb6 51. bxa6 Nxa6 52. Bb1 g5 53. fxg5 fxg5
54. Bf5 Kf6 55. Bc8 Nc5 56. Bf5 1/2-1/2

[Event "4NCL/Div2/RIC vs. BARY"]
[Site "Coventry ENG"]
[Date "2006.11.12"]
[Round "4.3"]
[White "Bisby, Daniel L"]
[Black "Levermore, Peter A"]
[Result "1-0"]
[WhiteElo "2277"]
[BlackElo "2102"]
[PlyCount "72"]
[EventDate "2006.11.12"]
[EventType "team"]
[EventRounds "11"]
[EventCountry "ENG"]
[WhiteTeam "Richmond"]
[BlackTeam "Barbican Yth"]

1. e4 c6 2. d4 d5 3. Nd2 dxe4 4. Nxe4 Bf5 5. Ng3 Bg6 6. h4 h6 7. N1e2 e5 8.
dxe5 Qxd1+ 9. Kxd1 Nd7 10. f4 O-O-O 11. Bd2 Nb6 12. Nc3 Bc5 13. Nce4 Be7 14.
Bd3 Na4 15. Kc1 Bxe4 16. Nxe4 Nc5 17. Nxc5 Bxc5 18. b4 Bf2 19. Kb2 Ne7 20. Raf1
Bb6 21. h5 g6 22. hxg6 Nxg6 23. Bc3 Bd4 24. Bxg6 fxg6 25. Rd1 Bxc3+ 26. Kxc3 h5
27. Rxd8+ Rxd8 28. g4 Rf8 29. gxh5 gxh5 30. Rh4 Kd7 31. Kd4 Ke6 32. Ke4 Rh8 33.
f5+ Kf7 34. c4 b6 35. c5 bxc5 36. bxc5 Rh7 1-0

[Event "4NCL/Div2/RIC vs. BARY"]
[Site "Coventry ENG"]
[Date "2006.11.12"]
[Round "4.4"]
[White "Williamson, Paul L"]
[Black "Osborne, Marcus E"]
[Result "0-1"]
[WhiteElo "2135"]
[BlackElo "2254"]
[PlyCount "68"]
[EventDate "2006.11.12"]
[EventType "team"]
[EventRounds "11"]
[EventCountry "ENG"]
[WhiteTeam "Barbican Yth"]
[BlackTeam "Richmond"]

1. d4 Nf6 2. c4 e6 3. Nc3 Bb4 4. Qc2 O-O 5. a3 Bxc3+ 6. Qxc3 Ne4 7. Qc2 f5 8.
e3 b6 9. Nh3 Qh4 10. g3 Qh5 11. Bg2 Bb7 12. f3 Nf6 13. Nf4 Qf7 14. Nd3 d6 15.
b3 Nbd7 16. Bb2 c5 17. dxc5 bxc5 18. O-O e5 19. Nf2 Qh5 20. f4 Bxg2 21. Kxg2
Rae8 22. Rad1 exf4 23. exf4 Re2 24. Rd2 Rfe8 25. Rxe2 Rxe2 26. Qc3 Qh6 27. Bc1
Ng4 28. h4 Qe6 29. Kg1 Ndf6 30. Qd3 Nxf2 31. Rxf2 Re1+ 32. Rf1 Ng4 33. Bd2 Re2
34. Rd1 Nf2 0-1

[Event "4NCL/Div2/RIC vs. BARY"]
[Site "Coventry ENG"]
[Date "2006.11.12"]
[Round "4.5"]
[White "Franklin, Michael J"]
[Black "Moore, John C"]
[Result "1/2-1/2"]
[WhiteElo "2211"]
[BlackElo "2030"]
[PlyCount "57"]
[EventDate "2006.11.12"]
[EventType "team"]
[EventRounds "11"]
[EventCountry "ENG"]
[WhiteTeam "Richmond"]
[BlackTeam "Barbican Yth"]

1. d4 d5 2. Nf3 Nf6 3. e3 Bf5 4. Bd3 Bxd3 5. Qxd3 e6 6. Qb5+ Nc6 7. Qxb7 Nb4 8.
Qb5+ c6 9. Qe2 Qa5 10. c3 Na6 11. O-O Qb6 12. Nbd2 c5 13. e4 cxd4 14. Nxd4 dxe4
15. Nxe4 Be7 16. Bg5 Nxe4 17. Qxe4 Rc8 18. Bxe7 Kxe7 19. Qh4+ Kf8 20. Rad1 Nc5
21. Rd2 h6 22. Rfd1 Kg8 23. Nf3 Kh7 24. Rd6 Qxb2 25. Ng5+ Kg6 26. Ne4 Kh7 27.
Ng5+ Kg6 28. Ne4 Kh7 29. Ng5+ 1/2-1/2

[Event "4NCL/Div2/RIC vs. BARY"]
[Site "Coventry ENG"]
[Date "2006.11.12"]
[Round "4.6"]
[White "Wells, Daniel"]
[Black "Nixon, Thomas C M"]
[Result "1/2-1/2"]
[WhiteElo "2025"]
[BlackElo "2193"]
[PlyCount "66"]
[EventDate "2006.11.12"]
[EventType "team"]
[EventRounds "11"]
[EventCountry "ENG"]
[WhiteTeam "Barbican Yth"]
[BlackTeam "Richmond"]

1. e4 e5 2. Nf3 Nc6 3. Bb5 a6 4. Ba4 Nf6 5. O-O Be7 6. Re1 b5 7. Bb3 d6 8. c3
O-O 9. h3 Na5 10. Bc2 c5 11. d4 Qc7 12. Nbd2 g6 13. Nf1 Nh5 14. Bh6 Re8 15. Ne3
Bb7 16. Rc1 Bf6 17. d5 Bc8 18. Nh2 Qe7 19. Nf5 Qd8 20. Qf3 Ng7 21. Ne3 Nh5 22.
Nf5 Ra7 23. Ng4 Bh8 24. Nge3 Nf6 25. Qg3 Nh5 26. Qf3 f6 27. b4 Nb7 28. h4 Qd7
29. g4 Ng7 30. Ng3 Qf7 31. g5 fxg5 32. Qxf7+ Kxf7 33. Bxg5 Rf8 1/2-1/2

[Event "4NCL/Div2/RIC vs. BARY"]
[Site "Coventry ENG"]
[Date "2006.11.12"]
[Round "4.7"]
[White "Meyer, Gordon"]
[Black "O'Toole, George E"]
[Result "1-0"]
[WhiteElo "2151"]
[BlackElo "1935"]
[PlyCount "41"]
[EventDate "2006.11.12"]
[EventType "team"]
[EventRounds "11"]
[EventCountry "ENG"]
[WhiteTeam "Richmond"]
[BlackTeam "Barbican Yth"]

1. d4 Nf6 2. c4 c5 3. d5 b5 4. a4 bxc4 5. Nc3 g6 6. e4 d6 7. f4 Bg7 8. Nf3 Ba6
9. Be2 Nbd7 10. e5 dxe5 11. fxe5 Ng4 12. e6 fxe6 13. Ng5 Bxc3+ 14. bxc3 Nge5
15. Nxe6 Qa5 16. O-O Nf8 17. Bf4 Nxe6 18. Bxe5 Rg8 19. dxe6 Rd8 20. Qc1 Qb6 21.
Qf4 1-0

[Event "4NCL/Div2/RIC vs. BARY"]
[Site "Coventry ENG"]
[Date "2006.11.12"]
[Round "4.8"]
[White "Smith, Lucy"]
[Black "Chevannes, Sabrina"]
[Result "0-1"]
[WhiteElo "1860"]
[BlackElo "2093"]
[PlyCount "60"]
[EventDate "2006.11.12"]
[EventType "team"]
[EventRounds "11"]
[EventCountry "ENG"]
[WhiteTeam "Barbican Yth"]
[BlackTeam "Richmond"]

1. d4 d5 2. c4 e6 3. Nc3 c6 4. e3 Nf6 5. Nf3 Nbd7 6. Qc2 Bd6 7. Be2 O-O 8. O-O
dxc4 9. Bxc4 e5 10. dxe5 Nxe5 11. Nxe5 Bxe5 12. f4 Bc7 13. Ne4 Nxe4 14. Qxe4
Re8 15. Qf3 Bf5 16. Rd1 Qf6 17. Bd3 Rad8 18. Bxf5 Rxd1+ 19. Qxd1 Qxf5 20. Qf3
Qd3 21. Qf1 Qd5 22. Kf2 Qh5 23. h3 Qd5 24. a4 Bd6 25. g3 Bc5 26. Qe1 Rd8 27. b4
Be7 28. Ba3 Qb3 29. Qc1 Qxa4 30. Qb2 Bf6 0-1

[Event "4NCL/Div2/HKF2 vs. BAR2"]
[Site "Coventry ENG"]
[Date "2006.11.12"]
[Round "4.1"]
[White "Lindner, Daniel"]
[Black "Rogers, Jonathan W"]
[Result "1/2-1/2"]
[WhiteElo "2271"]
[BlackElo "2353"]
[PlyCount "57"]
[EventDate "2006.11.12"]
[EventType "team"]
[EventRounds "11"]
[EventCountry "ENG"]
[WhiteTeam "H Kingfisher 2"]
[BlackTeam "Barbican 4NCL 2"]

1. e4 e5 2. Nf3 Nc6 3. Bc4 Bc5 4. c3 Nf6 5. d4 exd4 6. cxd4 Bb4+ 7. Bd2 Bxd2+
8. Nbxd2 d5 9. exd5 Nxd5 10. Qb3 O-O 11. Bxd5 Na5 12. Bxf7+ Rxf7 13. Qc3 Re7+
14. Ne5 Nc6 15. Ndf3 Nxe5 16. Nxe5 Qd6 17. O-O c5 18. Rad1 cxd4 19. Rxd4 Qxe5
20. Rd8+ Kf7 21. Rxc8 Rxc8 22. Qxc8 Qxb2 23. Qf5+ Kg8 24. Qc8+ Kf7 25. Qf5+ Kg8
26. Qc5 Qe2 27. Qxa7 h6 28. g3 Rf7 29. h4 1/2-1/2

[Event "4NCL/Div2/HKF2 vs. BAR2"]
[Site "Coventry ENG"]
[Date "2006.11.12"]
[Round "4.2"]
[White "Taylor, Martin R"]
[Black "McFarland, Robert S"]
[Result "1/2-1/2"]
[WhiteElo "2337"]
[BlackElo "2238"]
[PlyCount "41"]
[EventDate "2006.11.12"]
[EventType "team"]
[EventRounds "11"]
[EventCountry "ENG"]
[WhiteTeam "Barbican 4NCL 2"]
[BlackTeam "H Kingfisher 2"]

1. d4 g6 2. g3 Bg7 3. Bg2 d5 4. Nf3 Nf6 5. O-O O-O 6. b3 b6 7. Bb2 Bb7 8. Nbd2
Nbd7 9. c4 c5 10. Rc1 Rc8 11. dxc5 Nxc5 12. b4 Ncd7 13. a3 dxc4 14. Nxc4 Bd5
15. Ne3 Rxc1 16. Qxc1 Bb7 17. Nd4 Bxg2 18. Nxg2 Nb8 19. Rd1 Qd5 20. Nf3 Qb7 21.
Qc4 1/2-1/2

[Event "4NCL/Div2/HKF2 vs. BAR2"]
[Site "Coventry ENG"]
[Date "2006.11.12"]
[Round "4.3"]
[White "Fowler, Simon"]
[Black "Pritchett, Craig W"]
[Result "1-0"]
[WhiteElo "2201"]
[BlackElo "2289"]
[PlyCount "113"]
[EventDate "2006.11.12"]
[EventType "team"]
[EventRounds "11"]
[EventCountry "ENG"]
[WhiteTeam "H Kingfisher 2"]
[BlackTeam "Barbican 4NCL 2"]

1. e4 c5 2. Nf3 e6 3. b3 Nc6 4. Bb2 a6 5. c4 Qc7 6. Nc3 Nf6 7. Bd3 Bd6 8. Rc1
Ne5 9. Bb1 b6 10. h3 Bb7 11. O-O O-O 12. Nh4 Ng6 13. Nxg6 hxg6 14. d4 cxd4 15.
Qxd4 Be5 16. Qe3 Bh2+ 17. Kh1 Bf4 18. Qd4 Bxc1 19. Rxc1 Qf4 20. Re1 d5 21. Qxb6
Rfb8 22. Bc1 Qe5 23. Ne2 Nd7 24. Qa5 dxc4 25. Qxe5 Nxe5 26. Bf4 f6 27. bxc4 Rc8
28. Bxe5 fxe5 29. Bd3 Rc7 30. Rb1 Rd8 31. Nc1 Kf7 32. Kh2 Ke7 33. Kg3 Bc8 34.
Rb3 Rb7 35. Rc3 Rb4 36. a3 Rb2 37. Nb3 Ra2 38. Na5 Kd7 39. c5 Kc7 40. Nc4 Rd4
41. Nxe5 Ra4 42. Nc4 e5 43. Bc2 Rxc4 44. Rxc4 Rxa3+ 45. Kh4 Be6 46. Ra4 Rxa4
47. Bxa4 Bd7 48. Bc2 Bb5 49. Kg5 Bf1 50. Kxg6 Bxg2 51. h4 Kc6 52. Kxg7 Bf3 53.
Kg6 Kxc5 54. h5 Bxh5+ 55. Kxh5 Kd4 56. Kg4 Kc3 57. Ba4 1-0

[Event "4NCL/Div2/HKF2 vs. BAR2"]
[Site "Coventry ENG"]
[Date "2006.11.12"]
[Round "4.4"]
[White "Twyble, Michael S"]
[Black "Burrows, Martin P"]
[Result "1-0"]
[WhiteElo "2215"]
[BlackElo "2215"]
[PlyCount "71"]
[EventDate "2006.11.12"]
[EventType "team"]
[EventRounds "11"]
[EventCountry "ENG"]
[WhiteTeam "Barbican 4NCL 2"]
[BlackTeam "H Kingfisher 2"]

1. d4 Nf6 2. c4 g6 3. Nc3 Bg7 4. e4 d6 5. Nf3 O-O 6. Be2 e5 7. O-O Nc6 8. d5
Ne7 9. b4 Nh5 10. Re1 f5 11. Ng5 Nf6 12. Bf3 c6 13. Qb3 cxd5 14. cxd5 h6 15.
Ne6 Bxe6 16. dxe6 fxe4 17. Nxe4 Nxe4 18. Bxe4 d5 19. Rd1 Qb6 20. Be3 d4 21. Bd2
Rf6 22. Rac1 Raf8 23. f3 Kh8 24. Rc5 Rxe6 25. Bxb7 Nf5 26. Be4 Rfe8 27. Rdc1 d3
28. Kh1 Bf8 29. Rd5 Nd4 30. Qxd3 g5 31. a3 Rc6 32. Rxc6 Nxc6 33. Be3 Qb8 34.
Rd7 Ne7 35. Bxa7 Rc8 36. Bxb8 1-0

[Event "4NCL/Div2/HKF2 vs. BAR2"]
[Site "Coventry ENG"]
[Date "2006.11.12"]
[Round "4.5"]
[White "Hagesaether, Arne"]
[Black "Eggleston, David J"]
[Result "0-1"]
[WhiteElo "2178"]
[BlackElo "2239"]
[PlyCount "62"]
[EventDate "2006.11.12"]
[EventType "team"]
[EventRounds "11"]
[EventCountry "ENG"]
[WhiteTeam "H Kingfisher 2"]
[BlackTeam "Barbican 4NCL 2"]

1. e4 e6 2. d4 d5 3. Nc3 Nf6 4. e5 Nfd7 5. Nce2 c5 6. c3 cxd4 7. cxd4 f6 8.
exf6 Nxf6 9. Nc3 Nc6 10. Nf3 Bd6 11. Bb5 O-O 12. Bg5 Qc7 13. Rc1 h6 14. Bh4 Nh5
15. O-O Bd7 16. Bxc6 Bxc6 17. Nb5 Qd7 18. Nxd6 Qxd6 19. Ne5 Nf4 20. Bg3 Bb5 21.
Re1 Qa6 22. Bxf4 Rxf4 23. g3 Re4 24. Rxe4 dxe4 25. Qg4 e3 26. Rc7 exf2+ 27.
Kxf2 Rf8+ 28. Kg1 g5 29. Qe4 Rf1+ 30. Kg2 Rf5 31. Qxb7 Bc6+ 0-1

[Event "4NCL/Div2/HKF2 vs. BAR2"]
[Site "Coventry ENG"]
[Date "2006.11.12"]
[Round "4.6"]
[White "Hodgson, John H"]
[Black "Wilson, Alexandra"]
[Result "0-1"]
[WhiteElo "2236"]
[BlackElo "2056"]
[PlyCount "70"]
[EventDate "2006.11.12"]
[EventType "team"]
[EventRounds "11"]
[EventCountry "ENG"]
[WhiteTeam "Barbican 4NCL 2"]
[BlackTeam "H Kingfisher 2"]

1. e4 e6 2. d4 d5 3. Nd2 Nf6 4. e5 Nfd7 5. c3 c5 6. Bd3 Nc6 7. Ne2 cxd4 8. cxd4
f6 9. exf6 Qxf6 10. Nf3 h6 11. Nc3 Bd6 12. Be3 O-O 13. Rc1 Rd8 14. Bb1 Nf8 15.
a3 Bd7 16. g4 Qf7 17. Rg1 e5 18. g5 h5 19. g6 Qe8 20. dxe5 Nxe5 21. Nxe5 Qxe5
22. Rg5 Qxh2 23. Qxh5 Qxh5 24. Rxh5 d4 25. Bxd4 Re8+ 26. Be3 Bg4 27. Rh4 Rxe3+
28. Kd2 Rxc3 29. Rxc3 Be6 30. Rd3 Bc5 31. Rf3 Rd8+ 32. Kc3 Be7 33. Rh5 Bf6+ 34.
Kb4 Rd4+ 35. Kb5 Bd7+ 0-1

[Event "4NCL/Div2/HKF2 vs. BAR2"]
[Site "Coventry ENG"]
[Date "2006.11.12"]
[Round "4.7"]
[White "Crombleholme, Alan K"]
[Black "Taylor, Peter"]
[Result "1/2-1/2"]
[WhiteElo "2110"]
[BlackElo "2211"]
[PlyCount "82"]
[EventDate "2006.11.12"]
[EventType "team"]
[EventRounds "11"]
[EventCountry "ENG"]
[WhiteTeam "H Kingfisher 2"]
[BlackTeam "Barbican 4NCL 2"]

1. d4 Nf6 2. Nf3 e6 3. c4 c5 4. d5 d6 5. Nc3 exd5 6. cxd5 g6 7. e4 a6 8. a4 Bg4
9. Be2 Bxf3 10. Bxf3 Bg7 11. O-O Nbd7 12. Bf4 Qe7 13. Re1 O-O 14. a5 h5 15. h3
Nh7 16. Qd2 Rfe8 17. Bd1 Rab8 18. Ba4 Red8 19. Bxd7 Rxd7 20. Na4 Re8 21. Nb6
Rdd8 22. Rac1 Bd4 23. Nc4 Qf6 24. Kf1 g5 25. Bg3 Qg6 26. f3 g4 27. hxg4 hxg4
28. Qf4 Nf6 29. Bf2 Be5 30. Nxe5 Rxe5 31. Bh4 Kg7 32. Rxc5 gxf3 33. gxf3 Nh5
34. Qg4 Qxg4 35. fxg4 Rde8 36. Rc7 Rxe4 37. Rxe4 Rxe4 38. gxh5 Rxh4 39. Rxb7
Rxh5 40. Rb6 Rxd5 41. Rxa6 Rb5 1/2-1/2